The spatial theory of voting : an introduction
Saved in:
| Main Author: | |
|---|---|
| Other Authors: | |
| Format: | Book |
| Language: | English |
| Published: |
Cambridge :
Cambridge University Press,
1984
|
| Subjects: | |
| Tags: |
Add Tag
No Tags, Be the first to tag this record!
|
MARC
| LEADER | 00000pam a2200000 i 4500 | ||
|---|---|---|---|
| 001 | 1/75472 | ||
| 008 | 960308s1984 eng d | ||
| 020 | |a 0-521-25507-4 | ||
| 035 | |l 10003768 | ||
| 040 | |a GR-MY-UA |b gre |e aacr | ||
| 041 | 0 | |a eng | |
| 082 | 0 | |a 324.9 | |
| 100 | 1 | |a Enelow, James M. | |
| 245 | 1 | 4 | |a The spatial theory of voting : |b an introduction / |c James M. Enelow; Melvin J. Hinich |
| 260 | |a Cambridge : |b Cambridge University Press, |c 1984 | ||
| 300 | |a xv, 238 p.; |b ill.; |c 24 cm | ||
| 504 | |a Bibliography: p. 224-228. Includes index. | ||
| 650 | 0 | 0 | |a Voting. |
| 650 | 0 | 0 | |a Elections. |
| 650 | 0 | 0 | |a Social choice. |
| 700 | 1 | |a Hinich, Melvin J. | |
| 852 | |a INST |b LESVOS |e 19960308 |h 324.9 ENE |p 005100010683 |q 005100010683 |t BK |y 0 | ||
| 909 | |a Λ |b 03924 | ||